Musique par lettre - C - Statistiques

Statistiques générales
  • Ce quiz a été pris 234 fois
  • Le résultat moyen est 11 sur 20
Statistiques - réponses
Questions Réponses % Correct
Quelle chanson de 2010 cite : "Laisse moi être ____ qui partage ta vie" ? Celui
96%
Quel chanteur français a chanté "Petite Marie" et "La Corrida" ? Francis Cabrel
88%
Quelle chanson de Raphaël cite un l'habitation des gens du voyage ? Caravane
83%
Quel chanteur d'Echirolles a chanté "Un jour au mauvais endroit" ? Calogero
82%
Quel groupe anglais a pour chanteur Chris Martin, ayant pour titre "Paradise" ou encore "A Sky full of stars" ? Coldplay
81%
Quelle chanson de Sia marque le récit de sa vie, où toute une jeunesse s'y reconnaît ? Chandelier
79%
Qui est l'auteur de cette chanson ? Colonel Reyel
68%
Quelle chanson de Lartiste et Awa Imani voit l'apparition d'Alban Ivanov dans le clip ? Chocolat
65%
Quelle chanson américaine sortie en 2012 évoque les désagréments d'un coup de foudre pour une fille qui espère que son crush la rappellera ? Call me maybe
61%
Quel chanteur de Noir Désir est connu pour avoir tué sa femme, Marie Trintignant ? Bertrand Canta
58%
Quel chanteur et compositeur français a notamment chanté "Ma Préférence" et "Coeur de Rocker" ? Julien Clerc
58%
Quel chanteur français né en 1968 revendique une position d'artiste engagé et concerné par les problèmes de la société et du monde ? Cali
52%
Qui est la chanteuse de ce tube ? Carly Rae Jepsen
43%
Quelle chanson de The Mamas and The Papas rappelle mal du pays de Michelle, qui regrettait la Californie ensoleillée ? California Dreamin'
41%
Quelle chanson de Goldman révèle en fait l'événement de la Shoah ? Comme toi
39%
Quelle chanson sortie en 1981 est la plus connue de George Michael dans sa carrière en solo ? Careless Whisper
38%
Quel jeune rappeur britannique est l'auteur de "Day in the life" et "Loading" ? Central Cee
29%
Quelle chanson de RNB de Kool and the Gang est la plus connue de ce groupe ? Celebration
17%
Quel tube sorti en 1981 est considéré comme la première chanson rap en français ? Chacun fait (c'qui lui plaît)
8%
Quel groupe est l'auteur de cette chanson ? Chagrin d'Amour
6%
Aucun quiz correspondant
Distribution des résultats
% des personnes avec chaque résultat
Percentile par nombre de réponses
Votre historique - résultats
Vous n’avez pas pris ce quiz